Регионална библиотека "Любен Каравелов" - Русе

Наръчник по геодезия (Запис номер 61506)

MARC детайли
000 -Лидер
Контролно поле с фиксирана дължина nam a22 a 4500
003 - Код на организацията, давaща контролен номер
Контролно поле BLK
005 - Дата и час на последна редакция
Контролно поле 20221209170404.0
008 - Елементи от данни с фиксирана дължина
fixed length control field 180408b bul|||||r ||||||| ||bul||
010 ## - Наследен системен номер
LC control number KNG00065708000
040 ## - Източник на каталожния запис
Идентификатор на билиотеката - собственик на записа BLK
041 ## - Код за език
Код за езика на текст/звукозапис или на отделно заглавие Български
Код за езика КДБФ Български
080 ## - УДК
Текстов определител УДК Геодезия. Топографо-геодезични работи. Фотограметрия. Дистанционно сондиране. Картография. Общи въпроси свързани с математика и физика вж 51 и 53
УДК код - определител по УДК 528
УДК определител (035)
УДК - код + определител 528(035)
100 1# - Редна дума - Автор
Автор Пеевски, Васил Цанков
R(LIN) 290287
139 ## - Редно поле
Редна дума Наръчник по геодезия
Авторски знак Наръ - Н 26
245 10 - Сведения за заглавието
Заглавие Наръчник по геодезия
Подзаглавни данни Т. 1 -
Редно поле (дума) Васил Цанков Пеевски; ред. Васил Цанков Пеевски; ред. Димитър Стойчев.
Том Т. 1
257 ## - Страна на издаване
Страна на създаване/издаване България
260 ## - Област на издателските данни
Място на издаване, разпространение и проч. София
Име на издателя, разпространителя и проч. Техника
Година на издаване 1973 -
300 ## - Физическа характеристика
Размери/Мащаб 23 см
380 ## - Жанр
Жанр Естествени науки. Математика
650 #4 - Допълнително описание по предмет – тема
Основно описание – тема или топоним Геодезия
9 (RLIN) 151905
700 1# - Други автори (авторска отговорност)
Лично име Пеевски, Васил Цанков
Автороска отговорност (Описва отношението между автора и произведението) ред.
9 (RLIN) 370055
700 1# - Други автори (авторска отговорност)
Лично име Стойчев, Димитър
Автороска отговорност (Описва отношението между автора и произведението) ред.
9 (RLIN) 290447
760 1# - Описание на основната серия
Редна дума на основното описание Пеевски, Васил Цанков
Място на издаване, издател и година 1973
Страници - том 584 с.: с ил., 5 отд. л. черт.
Забележка - том Библиогр. след отд. гл.
Заглавие Т. 1
852 ## - Местоположение
Форматна сигнатура Цб 70032
Фондова буква Хранилище
856 4# - Електронен адрес и достъп
Електронен формат pdf - файл
856 4# - Електронен адрес и достъп
Електронен формат pdf - файл
999 ## - СИСТЕМНИ КОНТРОЛНИ НОМЕРА
Koha biblionumber 61506
Koha biblioitemnumber 61506
942 ## - АРТИКУЛИ
Вид на библиотечния материал Книги
Скрит в OPAC Не
Периодичен библиозапис Да
944 ## - СЪЗДАВАНЕ И РЕДАКЦИЯ на ЗАПИСА
Създаване/Редакция Създаване
Дата на регистрацията/редакция 13.06.2004
Служител, извършил регистрацията/редакцията Кети_Илиева
944 ## - СЪЗДАВАНЕ И РЕДАКЦИЯ на ЗАПИСА
Създаване/Редакция Редакция
Дата на регистрацията/редакция 28.08.2015
Служител, извършил регистрацията/редакцията Геновева_Генчева
Наличности
Код за отписване Код за изгубен артикул Източник на класификационната схема Код за повреда Коз за рестрикции Код за отдаване Артикулен № Име на библиотеката - собственик Име на библиотеката, в която се намира в момента Статус (Текущо местоположение) Дата на вписване в системата Местоположение - отдел Цена в лева Инвентарен номер Систематично азбучна сигнатура Баркод Номер на екземпляра Цена в евро Служебна бележка Служебен тип на артикула Бележка за публиката
  Не е изгубен Universal Decimal Classification Не е повреден без рестрикции ползва се в читалня 101930 Регионална библиотека "Любен Каравелов" Русе Регионална библиотека "Любен Каравелов" Русе Читалня 1993-01-01 Читалня 2.62 150296 Ч 528/Н 26 120000150296 1 1.34 Дата инв: 15.03.2017 Бележки инв: Ч2017 Книги  
Изтеглен Не е изгубен Universal Decimal Classification Не е повреден без рестрикции заемане за дома 101931 Регионална библиотека "Любен Каравелов" Русе Регионална библиотека "Любен Каравелов" Русе Заемна - подръчен фонд 1973-01-01 Заемна - подръчен фонд 0.00 150294 П 528/Н 26 150294 2 0.00 Дост: Pk Вид: Ф N: стар фонд Дата: 01.01.1973 Книги  
Изтеглен Не е изгубен   Не е повреден без рестрикции заемане за дома 101932 Регионална библиотека "Любен Каравелов" Русе Регионална библиотека "Любен Каравелов" Русе   1973-01-01 Заемна - подръчен фонд 2.62 150295 П 528/Н 26 150295 3 1.34 Дост: Pk Вид: Ф N: стар фонд Дата: 01.01.1973 Книги Отч.N: 21/18 , Дата: 26.03.2018
  Не е изгубен Universal Decimal Classification Не е повреден само за читалня ползва се в читалня 101933 Регионална библиотека "Любен Каравелов" Русе Регионална библиотека "Любен Каравелов" Русе Хранилище 1973-01-01 Хранилище 2.62 150733 Цб 70032 120000150733 4 1.34 Дост: Dp Вид: Д N: стар фонд Дата: 01.01.1973 Книги  
Vip Innovations Ltd, Rousse, Bulgaria 2025